01296nam a2200157 a 4500008004100000020001400041041000800055100002300063245004200086250004000128260004700168300001100215500009300226505080400319655001501123190531s1982 es ||||gr|||| 001 0 spa d a847577007 aspa1 aChatelain, Maurice3 aEl fin del mundo /bMaurice Chatelain a1a ed.bTraducción Nuber Suñer. aBarcelona:bEdiciones Juan Garnica;c1982. a205 p. aChatelain, M. (1984). El fin del mundo. (1a ed.). Buenos Aires : Ediciones Juan Garnica. aMaurice Chatelain, ex científico de la NASA que participó en el programa de exploración lunar Apolo, ha utilizado la informática para hacer astrología científica y prever las catástrofes que nos amenazan en un futuro cercano, ya que hoy está comprobado que los cataclismos coinciden con las conjunciones planetarias. El Cosmos tras la gran conjunción del 26 de diciembre de 1982 de la que pueden esperarse terremotos, maremotos, erupciones volcánicas...nos prepara otra para el 10 de mayo del 2000, donde, en la fecha anunciada por Nostradamus, podría producirse un diluvio universal causado por la inversión de los polos. Existe una real relación entre los fenómenos astronómicos que se producen en el cielo y los acontecimientos humanos que sobrevienen en la Tierra.  aLiteratura